000 00253nam a2200109Ia 4500
008 190216s9999||||xx |||||||||||||| ||und||
100 _aGangadaran
245 0 _aAnnieshanam Aswadanam
260 _bNbs Kottayam
650 _aEssay Malayalam
942 _cBK
999 _c25402
_d25402